| 000 | 00951cam a2200277 i 4500 | ||
|---|---|---|---|
| 001 | 200462881 | ||
| 003 | TR-AnTOB | ||
| 005 | 20241104094533.0 | ||
| 007 | ta | ||
| 008 | 170427s2022 tu a tur d | ||
| 040 |
_aTR-AnTOB _beng _erda _cTR-AnTOB |
||
| 041 | 0 | _atur | |
| 050 | 1 | 4 |
_aPL213 _b.M446 2022 |
| 090 |
_aPL213 _b.M446 2022 |
||
| 100 | 0 |
_aMehmed Tahir, _d1861-1926 _eauthor _9147352 |
|
| 245 | 1 | 0 |
_aİdare-i Osmaniye zamanında yetişen Kırım müellifleri : _bKırımlı meşayih, ulema, şu'ara, müverrihin, etıbba ve riyaziyyunun teracim-i ahval ve asarından bahistir / _cBursalı Mehmed Tâhir. |
| 264 | 1 |
_aİstanbul : _bDerin Tarih, _c2022. |
|
| 300 |
_a56 pages : _c21 cm |
||
| 336 |
_aText _btxt _2rdacontent. |
||
| 337 |
_aUnmediated _bn _2rdamedia. |
||
| 338 |
_aVolume _bnc _2rdacarrier. |
||
| 490 | 0 |
_aDerin Tarih kültür yayınları ; _v91 |
|
| 500 | _aIncludes index | ||
| 942 |
_2lcc _cBK |
||
| 999 |
_c200462881 _d81093 |
||